[Event "Benidorm op U2300 12th"]
[Site "Benidorm"]
[Date "2013.12.06"]
[Round "9"]
[White "Nicolas Zapata, Irene"]
[Black "Valmana Canto, Jaime"]
[Result "0-1"]
[WhiteElo "2241"]
[BlackElo "2298"]
[PlyCount "70"]
[EventDate "2013.11.29"]
[EventType "swiss"]
[EventRounds "10"]
[EventCountry "ESP"]
[SourceTitle "CBM 157 Extra"]
[Source "ChessBase"]
[SourceDate "2013.12.19"]
[SourceVersion "1"]
[SourceVersionDate "2013.12.19"]
[SourceQuality "1"]

1. e4 d5 2. exd5 Qxd5 3. Nf3 Bg4 4. Nc3 Qh5 5. Be2 Nc6 6. h3 0-0-0 7. 0-0 Bxh3 8. gxh3 Qxh3 9. Nh2 e6 10. Ne4 f5 11. Ng5 Qh6 12. d3 Bd6 13. f4 Qf6 14. Bd2 h6 15. Ngf3 Qe7 16. b4 g5 17. b5 Bc5+ 18. Kh1 Nd4 19. Nxd4 Bxd4 20. c3 Bc5 21. d4 Nf6 22. Bf3 Bd6 23. Qa4 Kb8 24. c4 g4 25. Bg2 h5 26. c5 Bxc5 27. dxc5 Rxd2 28. b6 cxb6 29. cxb6 axb6 30. Rab1 Nd5 31. Rb3 Rc8 32. Ra3 Rcc2 33. Qa8+ Kc7 34. Rg1 Qc5 35. Ra7 Qxg1+ 0-1

[Event "Benidorm op U2300 12th"]
[Site "Benidorm"]
[Date "2013.12.03"]
[Round "6"]
[White "Rodriguez Fontecha, Marcos"]
[Black "Nicolas Zapata, Irene"]
[Result "1/2-1/2"]
[WhiteElo "2300"]
[BlackElo "2241"]
[PlyCount "71"]
[EventDate "2013.11.29"]
[EventType "swiss"]
[EventRounds "10"]
[EventCountry "ESP"]
[SourceTitle "CBM 157 Extra"]
[Source "ChessBase"]
[SourceDate "2013.12.19"]
[SourceVersion "1"]
[SourceVersionDate "2013.12.19"]
[SourceQuality "1"]

1. d4 d5 2. Bf4 Nf6 3. e3 c5 4. c3 Nc6 5. Nd2 Bf5 6. Qb3 Qd7 7. Ngf3 c4 8. Qb5 Qc8 9. b3 Bd7 10. bxc4 e5 11. dxe5 Nb4 12. Qxb4 Bxb4 13. cxb4 Nh5 14. c5 a5 15. e6 fxe6 16. Bd6 axb4 17. Ne5 Nf6 18. Bd3 Ra3 19. Nb3 Bc6 20. 0-0 Ne4 21. Bxe4 dxe4 22. Nd4 Rf8 23. Rfb1 Rf5 24. Nc4 Rc3 25. Rxb4 Rxc4 26. Rxc4 Rg5 27. Bf4 Bd5 28. Nb5 Qc6 29. Nd6+ Kf8 30. Rc3 Rh5 31. Rb1 Bxa2 32. Rxb7 Rxc5 33. Be5 Rxc3 34. Rf7+ Kg8 35. Rxg7+ Kf8 36. Rf7+ 1/2-1/2

[Event "EU-chT (Women) 19th"]
[Site "Warsaw"]
[Date "2013.11.09"]
[Round "2.3"]
[White "Cyfka, Karina"]
[Black "Nicolas Zapata, Irene"]
[Result "1-0"]
[WhiteElo "2382"]
[BlackElo "2241"]
[PlyCount "116"]
[EventDate "2013.11.08"]
[EventType "team-swiss"]
[EventRounds "9"]
[EventCountry "POL"]
[SourceTitle "EXT 2014"]
[Source "ChessBase"]
[SourceDate "2013.11.20"]
[SourceVersion "1"]
[SourceVersionDate "2013.11.20"]
[SourceQuality "1"]
[WhiteTeam "Poland (W)"]
[BlackTeam "Spain (W)"]
[WhiteTeamCountry "POL"]
[BlackTeamCountry "ESP"]

1. e4 c5 2. Nf3 d6 3. d4 cxd4 4. Qxd4 Nc6 5. Bb5 Bd7 6. Bxc6 Bxc6 7. Nc3 e5 8. Qd3 h6 9. Be3 Nf6 10. 0-0-0 Be7 11. h3 Rc8 12. g4 b5 13. g5 hxg5 14. Nxg5 b4 15. Nb5 Bxb5 16. Qxb5+ Qd7 17. Qd3 Qa4 18. Kb1 Nd7 19. Rhg1 Nb6 20. b3 Qc6 21. Rg3 Na8 22. Bd2 a5 23. Rc1 Nc7 24. c3 bxc3 25. Rxc3 Qd7 26. Nf3 Bf6 27. Rc1 0-0 28. Bxa5 Ne6 29. Bc3 Nf4 30. Qe3 Rfe8 31. Nd2 d5 32. exd5 Nxd5 33. Ne4 Qf5 34. Qf3 Qh7 35. Kb2 Bh4 36. Nd6 Nf4 37. Nxe8 Bxg3 38. Nf6+ gxf6 39. Qg4+ Qg6 40. Qxc8+ Kh7 41. Rg1 Nd3+ 42. Ka1 Nxf2 43. Be1 Ne4 44. Qc4 Bxe1 45. Rxg6 Bc3+ 46. Qxc3 Nxc3 47. Rxf6 Kg7 48. Rf1 e4 49. Kb2 Nd5 50. a4 Kg6 51. a5 f5 52. a6 Kg5 53. a7 Nb6 54. Kc3 f4 55. Kd4 Kf5 56. h4 f3 57. Ke3 Nd5+ 58. Kf2 Nb6 1-0

[Event "EU-ch U16 Girls 23rd"]
[Site "Budva"]
[Date "2013.10.05"]
[Round "6"]
[White "Nicolas Zapata, Irene"]
[Black "Hincu, Olga"]
[Result "1-0"]
[WhiteElo "2236"]
[BlackElo "1991"]
[PlyCount "95"]
[EventDate "2013.09.29"]
[EventType "swiss"]
[EventRounds "9"]
[EventCountry "MNE"]
[SourceTitle "EXT 2014"]
[Source "ChessBase"]
[SourceDate "2013.11.20"]
[SourceVersion "1"]
[SourceVersionDate "2013.11.20"]
[SourceQuality "1"]

1. c4 e6 2. Nf3 d5 3. g3 Nf6 4. Bg2 Be7 5. 0-0 0-0 6. d4 dxc4 7. Ne5 Nd5 8. Nxc4 c6 9. Nc3 Nd7 10. e4 Nxc3 11. bxc3 b5 12. Ne3 Bb7 13. e5 Nb6 14. Qg4 f5 15. exf6 Rxf6 16. Qe2 Nd5 17. Ng4 Rg6 18. Bd2 Qc8 19. Be4 Rxg4 20. Qxg4 Nf6 21. Qe2 Nxe4 22. Qxe4 c5 23. Qe2 Qc6 24. f3 Bf6 25. dxc5 Qxc5+ 26. Be3 Qxc3 27. Rac1 Qa5 28. Rc5 a6 29. Rfc1 Bd5 30. Rc8+ Rxc8 31. Rxc8+ Kf7 32. Bc5 Be7 33. Bxe7 Kxe7 34. Qe3 h6 35. Qe5 Qb6+ 36. Kf1 Kd7 37. Rb8 Bc4+ 38. Kg2 Qa5 39. Qxg7+ Kd6 40. Qf8+ Ke5 41. Qh8+ Kd6 42. Rd8+ Kc7 43. Rc8+ Kd6 44. Qf8+ Ke5 45. Qf4+ Kd5 46. Rd8+ Kc6 47. Qd6+ Kb7 48. Rd7+ 1-0